| 000 | 01180nam0a22002651 4500 | ||
|---|---|---|---|
| 001 | rc\2788453 | ||
| 005 | 20230530143000.0 | ||
| 035 | _a(NLR Aleph) 006914643 | ||
| 090 |
_a7383315 _c7383315 |
||
| 100 | _a20110915d1935 |||y0rusy50 ca | ||
| 101 | 0 | _arus | |
| 102 | _aRU | ||
| 105 | _aae j ||||| | ||
| 200 | 1 |
_aСудовая профессиональная гигиена _eУчебник для техникумов утв. Нар. ком. вод. трансп. _fД-р А. В. Метакса |
|
| 205 | _a(2-е изд., испр. и доп.) | ||
| 210 |
_aМосква _aЛенинград _cГострансиздат _d1935 _eМосква _g5 тип. Трансжелдориздата |
||
| 215 |
_aПереплет, 209, [2] с. _cил. _d23х15 см. |
||
| 300 | _a1 изд.: "Метакса, А. В. Судовая профгигиена для моряков и речников". (См. № 33 "Кн. лет." 1931 г. запись № 13942) | ||
| 700 | 1 |
_aМетакса _bА. В. _f1883- _gАлександр Васильевич |
|
| 801 | 0 |
_aRU _bNLR _gpsbo |
|
| 801 | 1 |
_aRU _bELAR _2rusmarc |
|
| 852 |
_aNLR _j34-4/2681 |
||
| 942 | _cBOOK | ||
| 980 | _aNB | ||